000 00509nam a2200193Ia 4500
005 20250508150950.0
008 008 250505s9999 xx 000 0 eng d
037 _aTextual
040 _aFEDL
_beng
_cFEDL
041 _aeng
_2eng
084 _a370.4, DRI
_qFEDL
100 _aDrinkwater F. H.
_9758068
245 0 _aEducational essays
260 _aLondon, UK
_bBurns Oates
_c1951
300 _aix,412p.
650 _aEducation
942 _cTEXL
_h370.4, DRI
999 _c1326776
_d1326776